| 000 | 01468 a2200241 4500 | ||
|---|---|---|---|
| 999 |
_c11235 _d11235 |
||
| 020 | _a9781567934212 (alk. paper) | ||
| 050 | 0 | 0 |
_aKF3825 _bSHO 2012 |
| 100 | 1 |
_aShowalter, J. Stuart. _eauthor |
|
| 245 | 1 | 4 |
_aThe law of healthcare administration / _cJ. Stuart Showalter. |
| 250 | _asixth edition | ||
| 264 |
_aWashington: _bAUPHA, _c2012 |
||
| 300 |
_a599 pages _billustrations,maps |
||
| 336 |
_2rdacontent _atext _btxt |
||
| 337 |
_2rdamedia _aunmediated _bn |
||
| 338 |
_2rdacarrier _avolume _bnc |
||
| 504 | _aIncludes bibliographical references and indexes. | ||
| 505 | 0 | _aThe Anglo-American legal system -- A brief history of medicine -- Contracts and intentional torts -- Negligence -- The organization and management of a corporate healthcare institution -- Liability of the healthcare institution -- Health reform, access to care, and admission and discharge -- Medical staff privileges and peer review -- Emergency care -- Consent for treatment and withholding consent -- Taxation of healthcare institutions -- Competition and antitrust law -- Fraud laws and corporate compliance -- Issues of reproduction and birth -- Health information management. | |
| 650 | 0 |
_aMedical care _xLaw and legislation |
|
| 650 | 0 |
_aHospitals _xLaw and legislation |
|
| 650 | 0 | _aMedical laws and legislation | |
| 942 |
_2lcc _cBK _esixth edition _h3825 _iSHO _kKF |
||